Regenaration potential of the North Selangor Peat Swamp Forest

Bibliographic Details
Main Author: Mohd. Puat bin Dahalan
Format: Book
Published: Serdang, Selangor : Universiti Pertanian Malaysia , 2001
Subjects:

MARC

LEADER 00000cam a2200000 7i4500
001 0000003845
005 20110722.0
090 0 0 |a R THE 634.92   |b PUAT 2001 
100 0 0 |a Mohd. Puat bin Dahalan 
245 0 0 |a Regenaration potential of the North Selangor Peat Swamp Forest   |c by Mohd. Puat bin Dahalan 
260 0 0 |a Serdang, Selangor :   |b Universiti Pertanian Malaysia ,   |c 2001 
300 |a xi, 84 p. :   |b .iil ;   |c 30 cm. 
500 0 0 |a Bibliography : p. 81-84 
500 0 0 |a Thesis: Master of Science, Universiti Pertanian Malaysia (2001) 
650 0 0 |a Peat swamp forest---Selangor 
998 |a JPSM 
999 |a 006484   |b Thesis   |c Reference   |e Default branch